Heat and mass transfer (Record no. 5861)

000 -LEADER
fixed length control field 00529nam a2200205 4500
001 - CONTROL NUMBER
control field 5861
003 - CONTROL NUMBER IDENTIFIER
control field BD-DhUET
008 - FIXED-LENGTH DATA ELEMENTS--GENERAL INFORMATION
fixed length control field 700409m19679999is a b 000 0 eng
040 ## - CATALOGING SOURCE
Original cataloging agency DLC
Transcribing agency DLC
Modifying agency BD-DhUET
082 00 - DEWEY DECIMAL CLASSIFICATION NUMBER
Classification number 621.011
Item number ECK/1959
100 ## - MAIN ENTRY--PERSONAL NAME
Personal name Eckert, R. R. G.
245 00 - TITLE STATEMENT
Title Heat and mass transfer
250 ## - EDITION STATEMENT
Edition statement 2nd ed.
260 ## - PUBLICATION, DISTRIBUTION, ETC. (IMPRINT)
Place of publication, distribution, etc. New York
Name of publisher, distributor, etc. McGraw-Hill
Date of publication, distribution, etc. 1959
300 ## - PHYSICAL DESCRIPTION
Extent xiv, 530p.
490 1# - SERIES STATEMENT
Series statement McGraw-Hill series in mechanical engineering
650 #0 - SUBJECT ADDED ENTRY--TOPICAL TERM
Topical term or geographic name as entry element Heat-Transmission
700 ## - ADDED ENTRY--PERSONAL NAME
Personal name Drake, Robert M.
942 ## - ADDED ENTRY ELEMENTS (KOHA)
Koha item type General Book
Holdings
Koha full call number Koha normalized classification for sorting Damaged status Piece designation (barcode) Price effective from Copy number Koha date last seen Koha item type Date acquired Sublocation or collection (holding branch) Not for loan Source of classification or shelving scheme Location (home branch) Koha date last borrowed Lost status Shelving location Koha issues (times borrowed) Withdrawn status
621.011/ECK/1959621_011000000000000_ECK_1959 366682014-11-29 2014-11-29General Book2014-11-29Central Library, BUET  Central Library, BUET  Circulation section  
621.011/ECK/1959621_000000000000000_011ECK1959 148842014-12-0322014-12-03General Book2014-12-03Central Library, BUET  Central Library, BUET  Circulation section  
621.011/ECK/1959621_011000000000000_ECK_1959 113022015-04-1232015-04-12General Book2015-04-12Central Library, BUET  Central Library, BUET  Circulation section  
621.011/ECK/1959621_011000000000000_ECK_1959 312762015-04-1242015-04-12General Book2015-04-12Central Library, BUET  Central Library, BUET  Circulation section  
621.011/ECK/1959621_011000000000000_ECK_1959 312742015-04-1252015-04-12General Book2015-04-12Central Library, BUET  Central Library, BUET  Circulation section  
621.011/ECK/1959621_011000000000000_ECK_1959 312712015-04-1262015-04-12General Book2015-04-12Central Library, BUET  Central Library, BUET  Circulation section  
621.011/ECK/1959621_011000000000000_ECK_1959 312722015-04-1272015-04-12General Book2015-04-12Central Library, BUET  Central Library, BUET  Circulation section  
621.011/ECK/1959621_011000000000000_ECK_1959 312772015-04-1382021-11-28General Book2015-04-13Central Library, BUET  Central Library, BUET2020-03-02 Circulation section1 
621.011/ECK/1959621_011000000000000_ECK_1959 113012015-04-1392015-04-13General Book2015-04-13Central Library, BUET  Central Library, BUET  Circulation section  
621.011/ECK/1959621_011000000000000_ECK_1959 113032015-04-13102015-04-13General Book2015-04-13Central Library, BUET  Central Library, BUET  Circulation section  
621.011/ECK/1959621_011000000000000_ECK_1959 246252015-04-13112015-04-13General Book2015-04-13Central Library, BUET  Central Library, BUET  Circulation section  
621.011/ECK/1959621_011000000000000_ECK_1959 76522015-04-13122015-04-13General Book2015-04-13Central Library, BUET  Central Library, BUET  Circulation section  
621.011/ECK/1959621_011000000000000_ECK_1959 243202015-04-13132015-04-13General Book2015-04-13Central Library, BUET  Central Library, BUET  Circulation section  
621.011/ECK/1959621_011000000000000_ECK_1959 249762015-04-13142015-04-13General Book2015-04-13Central Library, BUET  Central Library, BUET  Circulation section  
621.011/ECK/1959621_011000000000000_ECK_1959 312752015-04-13152015-04-13General Book2015-04-13Central Library, BUET  Central Library, BUET  Circulation section  
621.011/ECK/1959621_011000000000000_ECK_1959 76552015-06-16162015-06-16General Book2015-06-16Central Library, BUET  Central Library, BUET  Reading section